Program kvantitatívneho uvoľňovania Európskej centrálnej banky a jeho vplyv na finančnú situáciu komerčných bánk diplomová práca

Enregistré dans:
Détails bibliographiques
Auteur principal: Mihálik, Peter
Collectivité auteur: Fakulta hospodárskej informatiky EU. Katedra účtovníctva a audítorstva
Autres auteurs: Kadlečíková, Oľga, 1973-
Format: Livre
Langue:slovaque
Publié: Bratislava 2019
Tags: Ajouter un tag
Pas de tags, Soyez le premier à ajouter un tag!

MARC

LEADER 00000nbm a2200000 4500
001 0266629
005 20210429122012.3
041 0 |a slo 
044 |a SK 
245 1 0 |a Program kvantitatívneho uvoľňovania Európskej centrálnej banky a jeho vplyv na finančnú situáciu komerčných bánk  |b diplomová práca  |c Peter Mihálik ; školiteľ: Oľga Kadlečíková 
264 1 |a Bratislava  |c 2019 
300 |a 60 s. 
100 1 |a Mihálik, Peter 
700 1 |a Kadlečíková, Oľga, 1973- 
710 2 |a Fakulta hospodárskej informatiky EU. Katedra účtovníctva a audítorstva